|
|
|
|
| LEADER |
01496nas a2200385 a 4500 |
| 001 |
c000155417 |
| 003 |
CARM |
| 005 |
20020205155348.0 |
| 008 |
781006d19601969nyuar1 0 0a0eng |
| 010 |
|
|
|a sn 86035406
|z 61004523 //r
|
| 019 |
1 |
|
|a 8729485
|5 LACONCORD2021
|
| 022 |
0 |
|
|a 0072-551X
|
| 035 |
|
|
|a (OCoLC)4271818
|5 LACONCORD2021
|
| 042 |
|
|
|a lcd
|a nsdp
|
| 043 |
|
|
|a n-us---
|
| 210 |
0 |
|
|a Graph. guide consum. mark.
|
| 222 |
|
2 |
|a A Graphic guide to consumer markets
|
| 245 |
0 |
2 |
|a A Graphic guide to consumer markets /
|c prepared by National Industrial Conference Board.
|
| 260 |
|
|
|a [New York, N.Y.] :
|b The Board,
|
| 300 |
|
|
|a 9 v. :
|b ill. ;
|c 28 cm.
|
| 310 |
|
|
|a Annual
|
| 362 |
0 |
|
|a 1960-1968/69.
|
| 650 |
|
0 |
|a Market surveys
|z United States
|x Statistics
|x Periodicals.
|
| 650 |
|
0 |
|a Consumers
|z United States
|x Statistics
|x Periodicals.
|
| 651 |
|
0 |
|a United States
|x Economic conditions
|y 1945-
|x Statistics
|x Periodicals.
|
| 710 |
2 |
0 |
|a National Industrial Conference Board.
|
| 730 |
0 |
0 |
|a Consumer markets.
|
| 770 |
0 |
|
|t Consumer markets
|x 0547-7220
|w (OCoLC)1759250
|w (DLC)sf 91090378
|
| 785 |
0 |
0 |
|t Guide to consumer markets
|x 0072-8314
|w (OCoLC)1791064
|w (DLC) 74640154
|
| 852 |
8 |
|
|b CARM
|h A2:AN30D0
|i D04915
|p 0194642
|f SE
|
| 866 |
|
0 |
|a 1960
|
| 866 |
|
0 |
|a 1960
|
| 082 |
0 |
4 |
|a 658.83973
|
| 999 |
f |
f |
|i 145f09cf-b8b5-59bf-a52d-2d5f82656d50
|s 6714fc62-84e8-54fd-a170-a2a65bd84999
|
| 952 |
f |
f |
|p Can circulate
|a CAVAL
|b CAVAL
|c CAVAL
|d CARM 1 Store
|e D04915
|f A2:AN30D0
|h Other scheme
|i book
|k 1960
|m 0194642
|